| 000 | 00698nam a2200217 i 4500 | ||
|---|---|---|---|
| 001 | 10757 | ||
| 003 | ES-MaACL | ||
| 005 | 20250806063118.0 | ||
| 008 | 930125s1990 sp |||| | spa d | ||
| 020 | _a84-7423-501-4 | ||
| 080 | _a860-1.09"14" | ||
| 100 | 1 |
_aRico, Francisco, _d1942- _997012 |
|
| 245 | 1 | 0 |
_aTexto y contextos _b: estudios sobre la poesía española del siglo XV / _cFrancisco Rico. |
| 260 |
_aBarcelona : _bCrítica, _cD.L. 1990. |
||
| 300 |
_a240 p. ; _c20 cm. |
||
| 490 | 1 |
_aFilología ; _v22 |
|
| 650 | 1 | 4 |
_aPoesía española- _yS.XV- _xHistoria y crítica. _916173 |
| 830 | 0 |
_aFilología ; _v22 _9178827 |
|
| 852 |
_aES-MaACL _jL-18101 |
||
| 999 |
_c10757 _d10757 |
||